| 000 | 00787nam a2200253 i 4500 | ||
|---|---|---|---|
| 003 | EG-ScBUE | ||
| 005 | 20231022094529.0 | ||
| 008 | 200219n201u e f b 000 0 eng d | ||
| 020 | _a9798844420825 | ||
| 040 |
_aEG-ScBUE _beng _erda _cEG-ScBUE _dEG-ScBUE |
||
| 082 | 0 | 4 |
_222 _a794.81536 _bGAM |
| 245 | 0 | 0 |
_aGame design impossible : _bthe drama of game development. |
| 264 | 1 |
_a[London] : _b[Amazon], _c[201-?] |
|
| 300 |
_ai, 233 pages ; _c24 cm |
||
| 336 |
_2rdacontent _atext _btxt |
||
| 337 |
_2rdamedia _aunmediated _bn |
||
| 338 |
_2rdacarrier _avolume _bnc |
||
| 504 | _aIncludes bibliographical references. | ||
| 650 | 7 |
_2BUEsh _aComputer games _xDesign. |
|
| 650 | 7 |
_2BUEsh _aVideo games _xDesign. |
|
| 653 |
_cOctober2023 _bART _2GD |
||
| 655 | _vReading book | ||
| 942 |
_2ddc _cBB |
||
| 999 |
_c30591 _d30562 |
||